Państwa na literę A - Statystyki

Ogólne statystyki
  • Ten quiz został rozwiązany 209 razy
  • Średni wynik to 10 z 12
Statystyki odpowiedzi
Państwo Kontynent Powierzchnia Liczba ludności % Poprawnych
Australia Australia i Oceania 7 686 850 km² 22 343 203
92%
Argentyna Ameryka Południowa 2 766 890 km² 40 913 584
89%
Andora Europa 468 km² 84 525
88%
Austria Europa 83 871 km² 8 402 549
88%
Albania Europa 28 748 km² 3 195 000
84%
Armenia Azja 29 800 km² 3 259 100
84%
Afganistan Azja 652 230 km² 30 419 928
79%
Azerbejdżan Azja 86 600 km² 9 493 600
79%
Angola Afryka 1 246 700 km² 17 312 000
75%
Algieria Afryka 2 381 741 km² 34 178 188
74%
Antigua i Barbuda Ameryka Północna 435,3 km² 85 420
72%
Arabia Saudyjska Azja 2 149 690 km² 28 686 633
70%
Nie znaleziono quizów pasujących do podanych kryteriów
Rozkład punktacji
Procent ludzi z każdym wynikiem
Percentyl według liczby udzielonych odpowiedzi
Twoja historia wyników
Nie rozwiązałeś tego quizu